000 00508nam a2200169Ia 4500
008 100315s9999 xx 000 0 und d
040 _cENGLISH 
082 _b2274 
100 _aSherlekar
245 _aPrinciples of Business Management with Case Problems
260 _bHIMALAYA  
_c1988 
365 _eRupees 
_d
_b0.00 
366 _f
630 _aPrinciples of Business Management with Case Problems
730 _aPrinciples of Business Management with Case Problems
942 _cBOOK
999 _c477009
_d477006